Teilnehmerländer Vierschanzentournee - Statistiken

Allgemein
  • Dieses Quiz wurde 249 mal gespielt
  • Das Durchschnittsergebnis liegt bei 30 aus 36
Antwortstatistiken
Erstmalige Teilnahme Land % Korrekt
1953 Deutschland
100%
1953/54 Finnland
99%
1953 Österreich
99%
1953 Norwegen
98%
1953 Schweiz
98%
1957/58 Italien
97%
1966/67 Japan
97%
1956/57 Polen
96%
1992/93 Russland
96%
1953 Schweden
96%
1991/92 Slowenien
96%
1962/63 Vereinigte Staaten
95%
1959/60 Frankreich
94%
1955/56 Kanada
94%
2003/04 China
93%
1992/93 Slowakei
93%
1992/93 Tschechien
92%
1986/87 Vereinigtes Königreich
88%
1978/79 Spanien
86%
1998/99 Südkorea
86%
1992/93 Ukraine
86%
1997/98 Estland
85%
1971/72 Bulgarien
83%
1985/86 Rumänien
82%
1961/62 Ungarn
78%
2017/18 Türkei
77%
1992/93 Kasachstan
76%
1996/97 Belarus
73%
1986/87 Niederlande
73%
1955/56 Sowjetunion
73%
1953 Jugoslawien
65%
1955/56 Tschechoslowakei
62%
2013/14 Griechenland
61%
1955/56 Deutsche Demokratische Republik
59%
2001/02 Georgien
43%
1998/99 Kirgisistan
19%
Keine übereinstimmenden Quizze gefunden
Verteilung der Resultate
Anzahl Personen mit jedem Resultat
Perzentil nach korrekt beantworteten Fragen
Ihre Resultats-Entwicklung
Sie haben dieses Quiz noch nicht gespielt